|
|
|
|
| LEADER |
00000cam a2200000 7i4500 |
| 001 |
0000149210 |
| 005 |
20230725.0 |
| 008 |
230725t20222022my a x k may |
| 020 |
|
|
|a 9789670038124
|
| 040 |
|
|
|a PERPUSTAM
|b eng
|c PERPUSTAM
|e rda
|
| 041 |
|
|
|a may
|
| 090 |
0 |
0 |
|a J 915.95
|b MOH
|
| 100 |
0 |
|
|a Mohamad Bahadon ,
|e author
|
| 245 |
1 |
0 |
|a MENARIKNYA NEGERI PAHANG
|c MOHAMAD BIN BAHADON
|
| 264 |
|
1 |
|a Kuala Lumpur :
|b FARGOES BOOKS SDN. BHD.
|c 2022
|
| 264 |
|
4 |
|a ©2022
|
| 300 |
|
|
|a 15 pages :
|b colour illustrations ;
|c 26 cm.
|
| 336 |
|
|
|a text
|2 rdacontent
|
| 337 |
|
|
|a unmediated
|2 rdamedia
|
| 338 |
|
|
|a volume
|2 rdacarrier
|
| 490 |
1 |
|
|a SIRI MALAYSIAKU INDAH
|
| 650 |
1 |
0 |
|a Tourism
|z Malaysia
|
| 830 |
|
0 |
|a Siri Malaysiaku indah
|
| 999 |
|
|
|a 0000768322
|b Buku
|c Koleksi Pinjaman Kanak-Kanak
|e Perbadanan Perpustakaan Awam Melaka
|
| 999 |
|
|
|a 0000768323
|b Buku
|c Koleksi Pinjaman Kanak-Kanak
|e Perbadanan Perpustakaan Awam Melaka
|
| 999 |
|
|
|a 0000768324
|b Buku
|c Koleksi Pinjaman Kanak-Kanak
|e Perbadanan Perpustakaan Awam Melaka
|
| 999 |
|
|
|a 0000768325
|b Buku
|c Koleksi Pinjaman Kanak-Kanak
|e Perpustakaan Cawangan Jasin
|
| 999 |
|
|
|a 0000768326
|b Buku
|c Koleksi Pinjaman Kanak-Kanak
|e Perpustakaan Cawangan Masjid Tanah
|
| 999 |
|
|
|a 0000768327
|b Buku
|c Koleksi Pinjaman Kanak-Kanak
|e Perpustakaan Cawangan Merlimau
|
| 999 |
|
|
|a 0000768328
|b Buku
|c Koleksi Pinjaman Kanak-Kanak
|e Perpustakaan Komuniti UTC Melaka
|
| 999 |
|
|
|a 0000768329
|b Buku
|c Koleksi Pinjaman Kanak-Kanak
|e Perbadanan Perpustakaan Awam Melaka
|
| 999 |
|
|
|a 0000768330
|b Buku
|c Koleksi Pinjaman Kanak-Kanak
|e Perbadanan Perpustakaan Awam Melaka
|
| 999 |
|
|
|a 0000780436
|b Buku
|c Koleksi Pinjaman Kanak-Kanak
|e Perbadanan Perpustakaan Awam Melaka
|
| 999 |
|
|
|a 0000780437
|b Buku
|c Koleksi Pinjaman Kanak-Kanak
|e Perbadanan Perpustakaan Awam Melaka
|
| 999 |
|
|
|a 0000780438
|b Buku
|c Koleksi Pinjaman Kanak-Kanak
|e Perbadanan Perpustakaan Awam Melaka
|
| 999 |
|
|
|a 0000780439
|b Buku
|c Koleksi Pinjaman Kanak-Kanak
|e Perpustakaan Cawangan Jasin
|
| 999 |
|
|
|a 0000780440
|b Buku
|c Koleksi Pinjaman Kanak-Kanak
|e Perpustakaan Cawangan Masjid Tanah
|
| 999 |
|
|
|a 0000780441
|b Buku
|c Koleksi Pinjaman Kanak-Kanak
|e Perpustakaan Cawangan Merlimau
|
| 999 |
|
|
|a 0000780442
|b Buku
|c Koleksi Pinjaman Kanak-Kanak
|e PK Aeon Jaya Jusco
|
| 999 |
|
|
|a 0000780443
|b Buku
|c Koleksi Pinjaman Kanak-Kanak
|e Perbadanan Perpustakaan Awam Melaka
|
| 999 |
|
|
|a 0000780444
|b Buku
|c Koleksi Pinjaman Kanak-Kanak
|e Perbadanan Perpustakaan Awam Melaka
|
| 999 |
|
|
|a 0000780445
|b Buku
|c Koleksi Pinjaman Kanak-Kanak
|e Perbadanan Perpustakaan Awam Melaka
|
| 999 |
|
|
|a 0000780446
|b Buku
|c Koleksi Pinjaman Kanak-Kanak
|e Perbadanan Perpustakaan Awam Melaka
|
| 999 |
|
|
|a 0000780447
|b Buku
|c Koleksi Pinjaman Kanak-Kanak
|e Perbadanan Perpustakaan Awam Melaka
|
| 999 |
|
|
|a 0000780448
|b Buku
|c Koleksi Pinjaman Kanak-Kanak
|e Perbadanan Perpustakaan Awam Melaka
|
| 999 |
|
|
|a 0000780449
|b Buku
|c Koleksi Pinjaman Kanak-Kanak
|e Perbadanan Perpustakaan Awam Melaka
|
| 999 |
|
|
|a 0000780450
|b Buku
|c Koleksi Pinjaman Kanak-Kanak
|e Perbadanan Perpustakaan Awam Melaka
|